Word Ladder: Two Dickens Characters Quiz Stats

 Plays Quiz Updated Nov 3, 2018

Score 0/11 Timer 02:00
0 Plays Today
Hint 6-Letter Word % Correct
U.S. President between Ford and ReaganCARTER
92.8%
Mended a sockDARNED
89.6%
Hauled off, with 'away'CARTED
87.8%
Moved quickly back and forthDARTED
85%
Wheel attached to furniture legCASTER
79.8%
______ oilCASTOR
78.7%
Synagogue singerCANTOR
75.1%
Any Swiss state, or a Chinese provinceCANTON
70.8%
Container
Or Sydney in 'A Tale of Two Cities'
§CARTON§
60.9%
Commune in northeastern FranceDARNEY
22.6%
Charles the Protagonist of 'A Tale of Two Cities,'
and lookalike of Rung 1
§DARNAY§
18.2%

Today's Daily Dose

Missing Word
Celine Dion

Word Ladder
Dr. Seuss Books

Quick Pick
Cities in India

Get the Picture
'A' Actresses

You're not logged in!

Compare scores with friends on all Sporcle quizzes.
OR
Log In

Sporcle TV

Today on Sporcle TV


Watch our educational content, quiz creation guides, and fun videos on Sporcle TV.

Show Comments

Extras

Top Quizzes Today


Score Distribution

Your Account Isn't Verified!

In order to create a playlist on Sporcle, you need to verify the email address you used during registration. Go to your Sporcle Settings to finish the process.

Report this User

Report this user for behavior that violates our Community Guidelines.

Details: